00379nam a2200121Ia 45000010005000000080041000050820020000461000042000662450075001082600032001839010027002159990015002424452241024s9999 xx 000 0 und d aRD/972.07/UN58m aUniversidad Autonoma de Santo Domingo 0aManuel de Teoría y Practica. Geografía de la isla de Santo Domingo bEditora Universitariac2013 a3/10/2016 4:00:28 p.m. c7619d7619